000
00202 a2200097 4500
001
19808
100
_a
Rauf, A
245
_a
West Pak Rural Educ & develo
260
_a
_b
E W C
_c
090
_c
14432
_d
14432
942
_a
NUST-CAE
_c
M
_c
4928
999
_c
254881
_d
254881